| 000 | 00566nam a2200229Ia 4500 | ||
|---|---|---|---|
| 003 | OSt | ||
| 005 | 20221005132747.0 | ||
| 006 | a|||||r|||| 00| 0 | ||
| 007 | ta | ||
| 008 | 221004b |||||||| |||| 00| 0 kan d | ||
| 024 | _a60621 | ||
| 037 | _cTextual | ||
| 040 |
_aCRL _cCRL _bkan |
||
| 041 |
_2kan _akan |
||
| 082 | _aO33,1NSHx, L3 | ||
| 100 |
_aShivappa K N Au. _9641591 |
||
| 245 | 0 | _aUttara dhruva | |
| 260 | _c1973 | ||
| 650 | _aKANNAD POETRY | ||
| 942 |
_hO33,1NSHx, L3 _cTEXL _2cc |
||
| 999 |
_c1064722 _d1064722 |
||